Statistics for 3-Stage Pokémon Evolutions - Kanto

Click here to take the quiz!

General Stats

  • This quiz has been taken 102 times
    (38 since last reset)
  • The average score is 51 of 53

Answer Stats

PokémonPokémon% Correct
CharmanderCharizard
100%
CharmanderCharmeleon
100%
BulbasaurIvysaur
100%
BulbasaurVenusaur
100%
SquirtleWartortle
100%
AbraAlakazam
97%
WeedleBeedrill
97%
SquirtleBlastoise
97%
CaterpieButterfree
97%
CleffaClefable
97%
CleffaClefairy
97%
DratiniDragonite
97%
GastlyGengar
97%
OddishGloom
97%
CrobatGolbat
97%
GeodudeGolem
97%
GeodudeGraveler
97%
GastlyHaunter
97%
IgglybuffJigglypuff
97%
AbraKadabra
97%
WeedleKakuna
97%
MachopMachamp
97%
MachopMachoke
97%
CaterpieMetapod
97%
Nidoran♂Nidoking
97%
Nidoran♀
Nidoqueen
97%
Nidoran♀Nidorina
97%
Nidoran♂Nidorino
97%
PidgeyPidgeot
97%
PidgeyPidgeotto
97%
PichuPikachu
97%
PoliwagPoliwhirl
97%
PoliwagPoliwrath
97%
PichuRaichu
97%
RhyperiorRhydon
97%
BellsproutVictreebel
97%
OddishVileplume
97%
BellsproutWeepinbell
97%
IgglybuffWigglytuff
97%
CrobatZubat
97%
Happiny / BlisseyChansey
93%
DratiniDragonair
93%
KingdraHorsea
93%
MagnezoneMagnemite
93%
Mime Jr. / Mr. RimeMr. Mime
93%
Porygon2 / Porygon-ZPorygon
93%
KingdraSeadra
93%
Elekid / ElectivireElectabuzz
90%
Magby / MagmortarMagmar
90%
MagnezoneMagneton
90%
AnnihilapeMankey
90%
AnnihilapePrimeape
90%
RhyperiorRhyhorn
90%

Score Distribution

Percentile by Number Answered

Percent of People with Each Score

Your Score History

You have not taken this quiz since the last reset